| 000 | 00760nam a2200241 i 4500 | ||
|---|---|---|---|
| 001 | bg | ||
| 100 | 1 | _aKOLBER, Piotr | |
| 245 | 1 | 0 |
_aPodstawy badań eksploatacyjnych maszyn elektrycznych / _cPiotr Kolber, Anna Kozłowska, Daniel Perczyński. |
| 260 |
_aBydgoszcz : _bWydaw. Uczelniane Akademii Techniczno-Rolniczej, _c2002. |
||
| 300 |
_a158 s. : _bil. ; _c24 cm. |
||
| 504 | _aBibliogr. przy rozdz. | ||
| 650 | 9 |
_aMaszyny elektryczne _xeksploatacja _xbadanie |
|
| 655 | _aPodręczniki akademickie | ||
| 700 | 1 | _aKOZŁOWSKA, Anna | |
| 700 | 1 | _aPERCZYŃSKI, Daniel | |
| 020 | _a8389334208 | ||
| 040 | _cBPK | ||
| 041 | 0 | _apol | |
| 080 | _a621.313.004(075.8) | ||
| 920 | _a83-89334-20-8 | ||
| 942 | _cKS | ||
| 008 | s pl f |000 0 pol | ||
| 999 |
_c45663 _d45663 |
||
| 856 |
_uhttp://koha.tu.koszalin.pl/cgi-bin/koha/opac-detail.pl?biblionumber=45663 _yKatalog online BPK |
||